LEADER 00893nam0-2200313---450- 001 990009566940403321 005 20120507122012.0 010 $a9788849827569 035 $a000956694 035 $aFED01000956694 035 $a(Aleph)000956694FED01 035 $a000956694 100 $a20120507d2010----km-y0itay50------ba 101 0 $aita 102 $aIT 105 $a--------001yy 200 1 $aMario Pannunzio da Longanesi al Mondo$fa cura di Pier Franco Quaglieni 210 $aSoveria Mannelli$cRubbettino editore$d2010 215 $a154 p.$cill.$d21 cm 610 0 $aPannunzio, Mario 676 $a070.92 702 1$aQuaglieni,$bPier Franco 801 0$aIT$bUNINA$gRICA$2UNIMARC 901 $aBK 912 $a990009566940403321 952 $a070.92 QUA 1$bDip.Disc.St.13217$fFLFBC 959 $aFLFBC 996 $aMario Pannunzio da Longanesi al Mondo$9847597 997 $aUNINA LEADER 01755oam 2200493M 450 001 9910716168203321 005 20200213070915.8 035 $a(CKB)5470000002518431 035 $a(OCoLC)1065604027 035 $a(OCoLC)995470000002518431 035 $a(EXLCZ)995470000002518431 100 $a20071213d1926 ua 0 101 0 $aeng 135 $aurcn||||||||| 181 $ctxt$2rdacontent 182 $cc$2rdamedia 183 $acr$2rdacarrier 200 10$aMyron J. Conway and others. April 9, 1926. -- Committed to the Committee of the Whole House and ordered to be printed 210 1$a[Washington, D.C.] :$c[U.S. Government Printing Office],$d1926. 215 $a1 online resource (5 pages) 225 1 $aHouse report / 69th Congress, 1st session. House ;$vno. 808 225 1 $a[United States congressional serial set ] ;$v[serial no. 8533] 300 $aBatch processed record: Metadata reviewed, not verified. Some fields updated by batch processes. 300 $aFDLP item number not assigned. 606 $aClaims 606 $aLegislative amendments 606 $aMilitary promotions 606 $aArmed Forces$xOfficers 608 $aLegislative materials.$2lcgft 615 0$aClaims. 615 0$aLegislative amendments. 615 0$aMilitary promotions. 615 0$aArmed Forces$xOfficers. 701 $aWurzbach$b Harry McLeary$f1874-1931$pRepublican (TX)$01386829 801 0$bWYU 801 1$bWYU 801 2$bOCLCO 801 2$bOCLCQ 801 2$bOCLCO 801 2$bOCLCQ 906 $aBOOK 912 $a9910716168203321 996 $aMyron J. Conway and others. April 9, 1926. -- Committed to the Committee of the Whole House and ordered to be printed$93444549 997 $aUNINA